O corpo humano (Record no. 188086)

MARC details
000 -LÍDER
campo de controle de tamanho fixo 00287 a2200145 4500
001 - NÚMERO DE CONTROLE
campo de controle 188086
020 ## - ISBN - INTERNATIONAL STANDARD BOOK NUMBER
ISBN - International Standard Book Number 85-7479-365-5
040 ## - FONTE DA CATALOGAÇÃO
Instituição que transcreveu o registro Magnum
240 10 - TÍTULO UNIFORME
Título uniforme O corpo humano
Idioma da obra por
245 10 - TÍTULO
Título O corpo humano
300 ## - DESCRIÇÃO FÍSICA
Extensão 27
362 0# - DATAS DE PUBLICAÇÃO E/OU DESIGNAÇÃO SEQUENCIAL
Datas de publicação e/ou designação sequencial 2001
697 ## - ENTRADA DE ASSUNTO LOCAL--ENTIDADE COLETIVA (RLIN)
Nome corporativo ou nome da jurisdição CIÊNCIAS PURAS
942 ## - ELEMENTOS DE ENTRADA ADICIONADOS (KOHA)
Tipo de material Koha Livros
Holdings
Situação do descarte Situação das perdas Situação física Não pode ser emprestado Biblioteca de origem Biblioteca atual Data de aquisição Total de empréstimos Número de chamada completo Código de barras Data de último acesso Data do preço efetivo Tipo de material Koha
        Magnum Magnum 08/06/2024   1.198 MAG00060141 08/06/2024 08/06/2024 Livros
        Magnum Magnum 08/06/2024   1.198 MAG00060142 08/06/2024 08/06/2024 Livros